World Series Winners of the 2010’s - Statistics

General Stats
  • This quiz has been taken 14 times
  • The average score is 9 of 10
Answer Stats
Hint Answer % Correct
2010 San Francisco Giants
100%
2012 San Francisco Giants
100%
2014 San Francisco Giants
100%
2013 Boston Red Sox
92%
2018 Boston Red Sox
92%
2017 Houston Astros
92%
2011 St. Louis Cardinals
92%
2019 Washington Nationals
92%
2016 Chicago Cubs
85%
2015 Kansas City Royals
85%
No matching quizzes found
Score Distribution
Percent of People with Each Score
Percentile by Number Answered
Your Score History
You have not taken this quiz